Formel 1 Fahrer - Statistiken

Allgemein
  • Dieses Quiz wurde 234 mal gespielt
    65 seit der letzten Aktualisierung
  • Das Durchschnittsergebnis liegt bei 12 aus 35
Antwortstatistiken
Frage Fahrer % Korrekt
Wer war der erste chinesische F1 Fahrer? Zhou Guanyu
89%
Welcher Fahrer konnte in 15 aufeinanderfolgenden Saisons immer mind. 1 Grand Prix gewinnen? Lewis Hamilton
83%
Welcher Fahrer fuhr für alle diese Teams?: Aston Martin, Sauber, Williams, Force India, Renault Nico Hülkenberg
60%
Welcher Fahrer konnte 2018 neben Vettel und Hamilton, ebenfalls jeweils 2 der ersten 6 Rennen gewinnen? Daniel Ricciardo
57%
Wer ist der einzige Nicht-Red-Bull-Fahrer, der 2023 ein Sprintrennen gewinnen konnte? Oscar Piastri
55%
Welcher Fahrer gewann den FIA Rookie of the Year Award 2019? Alexander Albon
51%
Welcher Fahrer ist der einzige, der neben Max Verstappen in den Jahren 2022, 2023 und 2024 mind. 1 Grand Prix gewonnen hat? Carlos Sainz
49%
Welcher Fahrer holte die meisten Pole Positions in der Saison 2019? Charles Leclerc
47%
Welcher Fahrer gab sein Debut beim Grand Prix von Saudi-Arabien 2024? Oliver Bearman
47%
Welcher Fahrer gewann die Eröffnungsrennen 2019 und 2020? Valtteri Bottas
47%
Welcher Fahrer fuhr bei seinem F1 Debüt aufs Podium, schaffte dies aber in seiner weiteren Karriere kein weiteres Mal? Kevin Magnussen
43%
Welcher Fahrer fuhr mit der Nummer 47? Mick Schumacher
43%
Welcher Fahrer hält den Rekord für die meisten Rennsiege in einer Saison? Max Verstappen
40%
Welcher Fahrer konnte eine F1-Weltmeisterschaft gewinnen, ohne die Weltmeisterschaftswertung bis zum Schluss ein einziges Mal angeführt zu haben? Sebastian Vettel
40%
Welcher Fahrer gewann die Formel 2 und die Formel E, bevor er in Formel 1 kam? Nyck de Vries
36%
Welcher Fahrer hält den Rekord für die längste Zeit zwischen zwei Rennsiegen? Kimi Räikkönen
32%
Wer belegte in der Fahrerwertung der Saison 2021 Platz 21? Nikita Mazepin
30%
Welcher Fahrer löste Olivier Panis als den letzten Grand Prix Sieger seiner Nation ab? Pierre Gasly
30%
Welcher Fahrer benötigte die meisten Grand Prix Starts bis zu seinem ersten Sieg? Sergio Pérez
30%
Wer ist der jüngste fränzösische F1-Fahrer, der auf dem Podium stand? Isack Hadjar
28%
Welcher Fahrer hatte 2023 mehrere Heimrennen? Logan Sargeant
28%
Welcher Fahrer verunfallte in Runde 52 beim Grand Prix von Abu Dhabi 2021? Nicholas Latifi
28%
Wer war der erste argentinische F1 Fahrer seit Gastón Mazzacane 2001? Franco Colapinto
26%
Welcher Grand-Prix-Sieger startete seine Karriere bei Manor Racing? Esteban Ocon
23%
Welcher Fahrer fuhr exakt für die gleichen Teams wie F1-Weltmeister Nico Rosberg? George Russell
23%
Welcher Fahrer ist der zweitjüngste, der je auf einem F1 Podium stand? Lance Stroll
21%
Welcher Fahrer wurde in einer Saison, in welcher er nur 1 Punkt Rückstand auf den Weltmeister hatte, trotzdem nicht einmal Vizeweltmeister? Fernando Alonso
19%
Charles Leclerc, George Russell, Oscar Piastri und welcher Fahrer gewannen alle die Formel 3 und Formel 2 in ihrer Rookie-Saison? Gabriel Bortoleto
17%
Wer ist der jüngste Fahrer, welcher eine schnellste Rennrunde setzte? Andrea Kimi Antonelli
15%
Welcher Fahrer fährt mit der Nummer, welche zuvor F1-Weltmeister Jenson Button gehörte? Yuki Tsunoda
15%
Welcher Fahrer gewann das bisher einzige Rennen für Sauber? Robert Kubica
13%
Welcher Fahrer belegte in der Saison 2023 am häufigsten den 2. Platz? Lando Norris
11%
Welcher Fahrer debütierte im Jahr 2017, wurde aber erst 2019 zu einem Stammfahrer? Antonio Giovinazzi
6%
Wer ist der einzige Fahrer, welcher sein Debüt beim einem Grand Prix von Abu Dhabi gab? Jack Doohan
4%
Welcher Fahrer holte seine ersten Punkte beim Grand Prix von Singapur 2023? Liam Lawson
2%
Keine übereinstimmenden Quizze gefunden
Verteilung der Resultate
Anzahl Personen mit jedem Resultat
Perzentil nach korrekt beantworteten Fragen
Ihre Resultats-Entwicklung
Sie haben dieses Quiz seit der letzten Aktualisierung nicht gespielt